[Event "Sofia Spring op 1st"]
[Site "Sofia"]
[Date "2025.05.24"]
[Round "2"]
[White "Celebi, Mehmet Alper"]
[Black "Spasov, Vasil"]
[Result "1-0"]
[WhiteElo "1908"]
[BlackElo "2356"]
[PlyCount "75"]
[EventDate "2025.05.23"]
[EventType "swiss"]
[EventRounds "9"]
[EventCountry "BUL"]
[SourceTitle "CB23_2025"]
[SourceDate "2025.06.04"]
[SourceVersion "1"]
[SourceVersionDate "2025.06.04"]
[SourceQuality "1"]

1. e4 c5 2. Nc3 Nc6 3. Bb5 Nd4 4. Nf3 e6 5. 0-0 a6 6. Bd3 Nc6 7. Re1 g5 8. Kh1 Bg7 9. b3 g4 10. Ng1 h5 11. Bb2 Nge7 12. f4 gxf3 13. Qxf3 Ng6 14. Nh3 Nce5 15. Qf2 d6 16. Rf1 Bd7 17. Nf4 Nxf4 18. Qxf4 Qe7 19. a3 0-0-0 20. b4 Bh6 21. Qf2 Bc6 22. bxc5 dxc5 23. Nd5 exd5 24. Qf5+ Qd7 25. Qxe5 dxe4 26. Bc4 Rh7 27. Rf6 e3 28. dxe3 Rg7 29. e4 Re8 30. Qxc5 Rxe4 31. Rxh6 Rxg2 32. Rxc6+ bxc6 33. Bxa6+ Kd8 34. Bf6+ Ke8 35. Rb1 Qg4 36. Rb8+ Kd7 37. Rd8+ Ke6 38. Rd6# 1-0

[Event "Senta Fantastico GM 02"]
[Site "Senta"]
[Date "2025.02.20"]
[Round "7"]
[White "Glek, Igor Vladimirovich"]
[Black "Spasov, Vasil"]
[Result "1/2-1/2"]
[WhiteElo "2423"]
[BlackElo "2423"]
[PlyCount "29"]
[EventDate "2025.02.16"]
[EventType "tourn"]
[EventRounds "9"]
[EventCountry "SRB"]
[EventCategory "6"]
[SourceTitle "CB09_2025"]
[SourceDate "2025.02.27"]
[SourceVersion "1"]
[SourceVersionDate "2025.02.27"]
[SourceQuality "1"]

1. d4 d5 2. c4 c6 3. cxd5 cxd5 4. Nc3 Nf6 5. Nf3 Nc6 6. Bf4 Bf5 7. e3 e6 8. Bd3 Bxd3 9. Qxd3 Bd6 10. Bxd6 Qxd6 11. 0-0 0-0 12. Rac1 Rac8 13. h3 h6 14. Rfd1 a6 15. a3 1/2-1/2

[Event "Senta Fantastico GM Mix 02"]
[Site "Senta"]
[Date "2025.02.11"]
[Round "1"]
[White "Spasov, Vasil"]
[Black "Djokic, Mihailo"]
[Result "1/2-1/2"]
[WhiteElo "2423"]
[BlackElo "2219"]
[PlyCount "47"]
[EventDate "2025.02.11"]
[EventType "swiss"]
[EventRounds "9"]
[EventCountry "SRB"]
[SourceTitle "CB09_2025"]
[SourceDate "2025.02.27"]
[SourceVersion "1"]
[SourceVersionDate "2025.02.27"]
[SourceQuality "1"]

1. e4 c5 2. Nf3 d6 3. d4 cxd4 4. Qxd4 Nc6 5. Bb5 Bd7 6. Qd3 Nf6 7. c4 Ne5 8. Nxe5 dxe5 9. Bxd7+ Qxd7 10. Qxd7+ Nxd7 11. Be3 a6 12. Ke2 e6 13. Rd1 Rc8 14. Nd2 a5 15. Rac1 Bc5 16. Bxc5 Nxc5 17. Nb3 Nxb3 18. axb3 Ke7 19. Rd3 Rhd8 20. Rxd8 Rxd8 21. Ra1 b6 22. b4 axb4 23. Ra4 Rd4 24. Rxb4 1/2-1/2

[Event "Senta Fantastico op 03"]
[Site "Senta"]
[Date "2025.02.08"]
[Round "7.8"]
[White "Spasov, Vasil"]
[Black "Nigametzianov, Mikhail"]
[Result "1/2-1/2"]
[WhiteElo "2423"]
[BlackElo "2399"]
[PlyCount "22"]
[EventDate "2025.02.05"]
[EventType "swiss"]
[EventRounds "9"]
[EventCountry "SRB"]
[SourceTitle "CB08_2025"]
[SourceDate "2025.02.19"]
[SourceVersion "1"]
[SourceVersionDate "2025.02.19"]
[SourceQuality "1"]

1. e4 e5 2. Nf3 Nc6 3. Bc4 Bc5 4. d3 Nf6 5. 0-0 d6 6. c3 Bb6 7. Bb3 h6 8. Nbd2 a6 9. Nc4 Ba7 10. Be3 0-0 11. Bxa7 Nxa7 1/2-1/2

[Event "Senta Fantastico op 03"]
[Site "Senta"]
[Date "2025.02.06"]
[Round "3.4"]
[White "Spasov, Vasil"]
[Black "Gusev, Mikhail"]
[Result "1/2-1/2"]
[WhiteElo "2423"]
[BlackElo "2273"]
[PlyCount "36"]
[EventDate "2025.02.05"]
[EventType "swiss"]
[EventRounds "9"]
[EventCountry "SRB"]
[SourceTitle "CB08_2025"]
[SourceDate "2025.02.19"]
[SourceVersion "1"]
[SourceVersionDate "2025.02.19"]
[SourceQuality "1"]

1. e4 e6 2. d4 d5 3. Nd2 c5 4. Ngf3 cxd4 5. Nxd4 Nf6 6. exd5 Nxd5 7. Bb5+ Bd7 8. 0-0 Be7 9. N2f3 0-0 10. c4 Nb6 11. Bxd7 N8xd7 12. b3 e5 13. Nf5 Bc5 14. Be3 Qf6 15. Qc2 Rfe8 16. Rad1 e4 17. N3d4 Rad8 18. Ng3 Qe5 1/2-1/2

[Event "Plovdiv Tringov Memorial 46th"]
[Site "Plovdiv"]
[Date "2024.08.16"]
[Round "8"]
[White "Valev, Valentin"]
[Black "Spasov, Vasil"]
[Result "0-1"]
[WhiteElo "2128"]
[BlackElo "2432"]
[PlyCount "54"]
[EventDate "2024.08.11"]
[EventType "swiss"]
[EventRounds "9"]
[EventCountry "BUL"]
[SourceTitle "CBM 221 Extra"]
[Source "ChessBase"]
[SourceDate "2024.09.30"]
[SourceVersion "1"]
[SourceVersionDate "2024.09.30"]
[SourceQuality "1"]

1. d4 d6 2. Nf3 g6 3. c4 Bg7 4. Nc3 Nd7 5. e4 e5 6. Be2 Ngf6 7. 0-0 0-0 8. d5 Nc5 9. Qc2 a5 10. Bg5 h6 11. Bh4 g5 12. Bg3 Nh5 13. Nd2 Nf4 14. Rfe1 g4 15. Bf1 f5 16. f3 h5 17. exf5 Bxf5 18. Nde4 gxf3 19. gxf3 Bh7 20. Kh1 Kh8 21. Qd2 Nxe4 22. Nxe4 Bh6 23. Bxf4 Rxf4 24. Qg2 Qe7 25. Qh3 Rg8 26. Bd3 Rh4 27. Qf1 Rxh2+ 0-1